Formula 1 Wins from Lowest Grid Positions - Statistics

General Stats
  • This quiz has been taken 150 times
  • The average score is 12 of 27
Answer Stats
Year Grid Position Driver % Correct
2018 14 Hamilton
94%
2022 14 Verstappen
92%
1995 16 Schumacher
87%
2008 15 Alonso
85%
2012 11 Alonso
85%
2005 17 Raikkonen
76%
1990 13 Prost
73%
2000 18 Barrichello
54%
2006 14 Button
54%
1989 12 Mansell
52%
1975 11 Mass
51%
2003 11 Coulthard
49%
1973 16 Stewart
49%
1962 12 Clark
47%
1977 11 Scheckter
31%
1983 22 Watson
31%
1982 17 Watson
31%
1996 14 Panis
29%
1977 14 Jones
28%
1978 12 Peterson
23%
1960 13 McLaren
22%
1999 14 Herbert
21%
1954 19 Vukovich
9%
1961 12 Baghetti
7%
1971 11 Gethin
7%
1957 13 Hanks
6%
1955 14 Sweikert
5%
No matching quizzes found
Score Distribution
Percent of People with Each Score
Percentile by Number Answered
Your Score History
You have not taken this quiz